[Event "XVI Festival Conca della Presolana A"]
[Site "Bratto - Castione della Presolana ITA"]
[Date "1996.08.26"]
[Round "5"]
[White "Alberton, Roberto"]
[Black "Magalotti, Andrea"]
[Result "0-1"]
[WhiteElo "2075"]
[BlackElo "2100"]
[PlyCount "108"]
[EventDate "1996.08.22"]

1. c4 Nf6 2. Nc3 g6 3. g3 Bg7 4. Bg2 O-O 5. e4 d6 6. Nge2 c6 7. h3 Nbd7 8. O-O
a6 9. d4 e5 10. Be3 Qe7 11. d5 c5 12. g4 h5 13. Bf3 hxg4 14. hxg4 Nb6 15. Ng3
Nxc4 16. Bg5 b5 17. b3 Nb6 18. Be2 Qd7 19. f3 Nh7 20. Be3 Qe7 21. Bd3 Bf6 22.
Bh6 Re8 23. Be3 Bg5 24. Bf2 Kg7 25. a4 b4 26. Nce2 Rh8 27. Kg2 a5 28. Rh1 Bd7
29. Qc2 Rac8 30. Qb2 Qf6 31. Rh5 Bh6 32. Rah1 Ng5 33. f4 Bxg4 34. Rxh6 Rxh6 35.
Rxh6 Bf3+ 36. Kf1 Kxh6 37. fxg5+ Qxg5 38. Ba6 Rh8 39. Qc1 Qxc1+ 40. Nxc1 Kg5
41. Be2 Kg4 42. Bxf3+ Kxf3 43. Nd3 c4 44. Ne1+ Kg4 45. Bxb6 cxb3 46. Nd3 Kxg3
47. Bxa5 b2 48. Nxb2 Rh1+ 49. Ke2 Rh2+ 50. Kd3 Rxb2 51. Bc7 Rb3+ 52. Kd2 Kf4
53. Bxd6 Kxe4 54. Kc2 Kxd5 0-1

[Event "XVI Festival Conca della Presolana A"]
[Site "Bratto - Castione della Presolana ITA"]
[Date "1996.08.26"]
[Round "5"]
[White "Bancod, Ronald"]
[Black "Cugini, Verter"]
[Result "1/2-1/2"]
[WhiteElo "2400"]
[BlackElo "2255"]
[PlyCount "76"]
[EventDate "1996.08.22"]

1. e4 e6 2. d3 d5 3. Nd2 Nf6 4. Ngf3 Be7 5. g3 c5 6. Bg2 Nc6 7. O-O b5 8. Re1
Bb7 9. e5 Nd7 10. h4 Qc7 11. Qe2 h6 12. h5 Rc8 13. c3 b4 14. Nf1 bxc3 15. bxc3
Ba6 16. Bf4 Qa5 17. Rac1 Rb8 18. Ne3 O-O 19. Nxd5 exd5 20. e6 Nf6 21. exf7+
Rxf7 22. Bxb8 Nxb8 23. Ne5 Qc7 24. Nxf7 Kxf7 25. Qe6+ Kf8 26. Rb1 Nc6 27. Bxd5
Nxd5 28. Qxd5 Bc8 29. Re4 Bd6 30. Rb5 Ne7 31. Qa8 Kf7 32. Ra4 Nc6 33. d4 Bxg3
34. Rxc5 Bxf2+ 35. Kxf2 Qf4+ 36. Kg2 Qg4+ 37. Kh2 Qh4+ 38. Kg1 Qg3+ 1/2-1/2

[Event "XVI Festival Conca della Presolana A"]
[Site "Bratto - Castione della Presolana ITA"]
[Date "1996.08.26"]
[Round "5"]
[White "Bresciani, Nicola"]
[Black "Badea, Bela"]
[Result "1/2-1/2"]
[WhiteElo "2320"]
[BlackElo "2525"]
[PlyCount "58"]
[EventDate "1996.08.22"]

1. e4 c5 2. Nf3 Nc6 3. d4 cxd4 4. Nxd4 Qc7 5. Nc3 e6 6. Be2 a6 7. O-O Nf6 8.
Be3 Bb4 9. Bd3 Ne5 10. Nde2 O-O 11. h3 d6 12. f4 Ned7 13. Qe1 Bc5 14. Bxc5
Qxc5+ 15. Kh1 b5 16. a3 Bb7 17. Qg3 e5 18. b4 exf4 19. Qxf4 Qe5 20. a4 bxa4 21.
Rxa4 Qxf4 22. Nxf4 Ne5 23. Rfa1 Nxd3 24. cxd3 Rab8 25. Nfd5 Nxd5 26. Nxd5 Bxd5
27. exd5 g6 28. Rxa6 Rxb4 29. Rxd6 Rd4 1/2-1/2

[Event "XVI Festival Conca della Presolana A"]
[Site "Bratto - Castione della Presolana ITA"]
[Date "1996.08.26"]
[Round "5"]
[White "Campini, Marco"]
[Black "Ranieri, Fabrizio"]
[Result "1/2-1/2"]
[WhiteElo "2123"]
[BlackElo "2113"]
[PlyCount "58"]
[EventDate "1996.08.22"]

1. e4 e6 2. d4 d5 3. e5 c5 4. c3 Nc6 5. Nf3 Qb6 6. a3 c4 7. Nbd2 Na5 8. Be2 Bd7
9. O-O h6 10. Ne1 Ne7 11. a4 O-O-O 12. b4 cxb3 13. Bb2 Nf5 14. Bd3 g6 15. g3
Kb8 16. Ng2 h5 17. Qe2 Rc8 18. Ne3 Be7 19. Rfc1 Bg5 20. f4 Be7 21. Nf3 Bc6 22.
Ng5 Be8 23. Nf1 Nc4 24. h4 Bxg5 25. fxg5 Bd7 26. Kh2 Rc7 27. Bxc4 Rxc4 28. a5
Qb5 29. Nd2 Rcc8 1/2-1/2

[Event "XVI Festival Conca della Presolana A"]
[Site "Bratto - Castione della Presolana ITA"]
[Date "1996.08.26"]
[Round "5"]
[White "Di Lazzaro, Gabriele"]
[Black "Dinser, Hans"]
[Result "0-1"]
[WhiteElo "2095"]
[BlackElo "2165"]
[PlyCount "104"]
[EventDate "1996.08.22"]

1. Nf3 d5 2. g3 Nf6 3. Bg2 c6 4. O-O Bf5 5. d3 h6 6. c4 e6 7. cxd5 exd5 8. Re1
Be7 9. Bf4 Nbd7 10. Nc3 O-O 11. e4 dxe4 12. dxe4 Bg4 13. Qc2 Bxf3 14. Bxf3 g5
15. Be3 Ne5 16. Bg2 Nfg4 17. Rad1 Nxe3 18. Rxe3 Qc8 19. Ne2 Rd8 20. Nd4 Qc7 21.
Nf5 Bf8 22. Ree1 Qb6 23. Qe2 Rxd1 24. Rxd1 Rd8 25. Rxd8 Qxd8 26. h3 Qb6 27. Kh2
c5 28. b3 Qe6 29. Qb5 b6 30. Ne3 g4 31. Qe2 h5 32. Nd5 Bh6 33. h4 Nc6 34. Qa6
Kg7 35. Qb7 Nd4 36. Nc7 Qe5 37. Qxa7 Nf3+ 38. Bxf3 gxf3 39. Qxb6 Qd4 40. Ne8+
Kh7 41. Nf6+ Kg6 42. Nd7+ f6 43. Qxc5 Qxd7 44. Qd5 Qxd5 45. exd5 Bf8 46. a4 f5
47. a5 Kf6 48. a6 Bc5 49. Kg1 Ke5 50. b4 Bb6 51. d6 Kxd6 52. g4 fxg4 0-1

[Event "XVI Festival Conca della Presolana A"]
[Site "Bratto - Castione della Presolana ITA"]
[Date "1996.08.26"]
[Round "5"]
[White "Everet, Alexandro"]
[Black "Eynard, Valdo"]
[Result "1-0"]
[WhiteElo "2130"]
[BlackElo "1975"]
[PlyCount "79"]
[EventDate "1996.08.22"]

1. e4 c6 2. d4 d5 3. e5 Bf5 4. Bd3 Bxd3 5. Qxd3 e6 6. Be3 Qa5+ 7. c3 Qa6 8. Qc2
Ne7 9. f4 Nf5 10. Bf2 h5 11. Nf3 Be7 12. Nbd2 Nd7 13. Nf1 Rc8 14. Ne3 Nxe3 15.
Bxe3 g6 16. Kf2 c5 17. h3 cxd4 18. Bxd4 Nc5 19. g4 Ne4+ 20. Kg2 Kd7 21. a3 Qc4
22. Bxa7 Bc5 23. Bxc5 Nxc5 24. Nd4 Rh7 25. Rad1 hxg4 26. hxg4 Rch8 27. Rxh7
Rxh7 28. b3 Qa6 29. b4 Ne4 30. b5 Qa8 31. Nf3 Ke7 32. c4 Qc8 33. Rc1 f5 34.
cxd5 Qxc2+ 35. Rxc2 Kd8 36. d6 b6 37. Nd4 Nc5 38. Rxc5 bxc5 39. Nxe6+ Kc8 40.
Nxc5 1-0

[Event "XVI Festival Conca della Presolana A"]
[Site "Bratto - Castione della Presolana ITA"]
[Date "1996.08.26"]
[Round "5"]
[White "Gandolfo, Marco"]
[Black "Sgnaolin, Davide"]
[Result "1/2-1/2"]
[WhiteElo "1973"]
[BlackElo "2080"]
[PlyCount "39"]
[EventDate "1996.08.22"]

1. Nf3 Nf6 2. b3 d5 3. Bb2 e6 4. e3 c5 5. Ne5 Be7 6. f4 Nc6 7. Bb5 Bd7 8. Bxc6
Bxc6 9. Nxc6 bxc6 10. O-O O-O 11. d3 c4 12. Qe2 cxd3 13. cxd3 Qb6 14. Nc3 Nd7
15. Na4 Qb5 16. Rac1 c5 17. Rc2 Rfe8 18. Re1 Bf8 19. Nc3 Qb6 20. Kh1 1/2-1/2

[Event "XVI Festival Conca della Presolana A"]
[Site "Bratto - Castione della Presolana ITA"]
[Date "1996.08.26"]
[Round "5"]
[White "Genocchio, Daniele"]
[Black "Ciolac, Gheorghe"]
[Result "0-1"]
[WhiteElo "2131"]
[BlackElo "2405"]
[PlyCount "130"]
[EventDate "1996.08.22"]

1. e4 e5 2. Nf3 Nc6 3. Bc4 Nf6 4. d4 exd4 5. O-O Nxe4 6. Re1 d5 7. Bxd5 Qxd5 8.
Nc3 Qa5 9. Nxe4 Be6 10. Bd2 Qf5 11. Bg5 Bd6 12. Nxd4 Nxd4 13. Qxd4 O-O 14. Nxd6
Qxg5 15. Ne4 Qd5 16. Qxd5 Bxd5 17. Rad1 Bc6 18. Nc3 Rfe8 19. Rxe8+ Rxe8 20. f3
Kf8 21. Kf2 Re5 22. Rd3 Ke7 23. Re3 Ke6 24. Rxe5+ Kxe5 25. Ke3 g5 26. g3 f6 27.
Ne2 Be8 28. c3 Bf7 29. b3 Kd5 30. Nd4 a5 31. f4 Bg6 32. c4+ Kc5 33. f5 Bf7 34.
Kd3 b6 35. a3 Kd6 36. Nb5+ Kd7 37. b4 c6 38. Nd4 axb4 39. axb4 Kd6 40. Nc2 Ke5
41. Nd4 Be8 42. h3 h5 43. Ke3 Bd7 44. g4 h4 45. Nf3+ Kd6 46. Nd2 Ke5 47. Nf3+
Kd6 48. Nd2 Be8 49. Ne4+ Ke5 50. c5 bxc5 51. Nxc5 Kd6 52. Kd4 Bf7 53. Ne4+ Ke7
54. Kc5 Bd5 55. Nf2 Bg2 56. Kc4 Kd6 57. Kd4 Kd7 58. Kc4 Kc7 59. Kc5 Bf1 60. Ne4
Bxh3 61. Nxf6 Bg2 62. Nh5 h3 63. f6 Kd7 64. Kd4 h2 65. Ng3 Ke6 0-1

[Event "XVI Festival Conca della Presolana A"]
[Site "Bratto - Castione della Presolana ITA"]
[Date "1996.08.26"]
[Round "5"]
[White "Griffa, Roberto"]
[Black "Ceresoli, Luigi"]
[Result "1/2-1/2"]
[WhiteElo "1917"]
[BlackElo "2087"]
[PlyCount "86"]
[EventDate "1996.08.22"]

1. d4 Nf6 2. Nf3 e6 3. Bg5 d5 4. e3 c5 5. Nbd2 Nc6 6. c3 h6 7. Bh4 Be7 8. Bd3
Qb6 9. Rb1 Bd7 10. Qe2 cxd4 11. exd4 Nh5 12. Bxe7 Nf4 13. Bc5 Nxe2 14. Bxb6 Nf4
15. Bc2 axb6 16. g3 Nh5 17. a3 Ke7 18. O-O Nf6 19. Ne5 Ne8 20. f4 Nd6 21. Rbe1
Nxe5 22. Rxe5 f5 23. Rfe1 Kf6 24. R5e2 g5 25. Nf3 gxf4 26. gxf4 Rhg8+ 27. Rg2
Rxg2+ 28. Kxg2 Rg8+ 29. Kf2 Ne4+ 30. Bxe4 fxe4 31. Ne5 Be8 32. Re3 h5 33. Rg3
Rg7 34. Rxg7 Kxg7 35. c4 Kf6 36. Ke3 Kf5 37. b3 Kf6 38. Kf2 Kf5 39. Ke3 Kf6 40.
c5 b5 41. Kf2 Ke7 42. Ke3 Kf6 43. Kf2 Ke7 1/2-1/2

[Event "XVI Festival Conca della Presolana A"]
[Site "Bratto - Castione della Presolana ITA"]
[Date "1996.08.26"]
[Round "5"]
[White "Hugony, Fabrizio"]
[Black "Oppici, Gabriele"]
[Result "1-0"]
[WhiteElo "2270"]
[BlackElo "2055"]
[PlyCount "59"]
[EventDate "1996.08.22"]

1. e4 g6 2. Nc3 Bg7 3. g3 c5 4. Bg2 Nc6 5. d3 d6 6. f4 e6 7. Nf3 Nge7 8. Be3
Nd4 9. O-O O-O 10. Rb1 Rb8 11. Ne2 Nxe2+ 12. Qxe2 b6 13. c3 Bb7 14. Qc2 Qc7 15.
g4 c4 16. d4 f5 17. Ng5 Qd7 18. gxf5 gxf5 19. e5 Nd5 20. Rbe1 dxe5 21. fxe5 Kh8
22. Qf2 Rg8 23. Qh4 Bf8 24. Rxf5 exf5 25. e6 Rxg5 26. exd7 Rxg2+ 27. Kxg2 Be7
28. Bg5 Rg8 29. Rxe7 Nxe7+ 30. Kf2 1-0

[Event "XVI Festival Conca della Presolana A"]
[Site "Bratto - Castione della Presolana ITA"]
[Date "1996.08.26"]
[Round "5"]
[White "Kojic, Tigran"]
[Black "Marinescu, Marian"]
[Result "1/2-1/2"]
[WhiteElo "2099"]
[BlackElo "2130"]
[PlyCount "132"]
[EventDate "1996.08.22"]

1. d4 Nf6 2. c4 g6 3. g3 Bg7 4. Bg2 c5 5. Nf3 O-O 6. O-O cxd4 7. Nxd4 Nc6 8.
Nc3 Ng4 9. e3 d6 10. Nxc6 bxc6 11. Bxc6 Rb8 12. Bg2 Ne5 13. f4 Nxc4 14. Qa4
Nxb2 15. Qxa7 Be6 16. Bd2 Nc4 17. Be1 Qb6 18. Qxb6 Rxb6 19. Rc1 Rfb8 20. Bf2
Rb2 21. Nd5 Bxd5 22. Bxd5 Nd2 23. Rfd1 e6 24. Be1 exd5 25. Rxd2 Rxd2 26. Bxd2
Kf8 27. a3 Ke7 28. Bb4 Kd7 29. Kf2 f5 30. h3 d4 31. Rd1 dxe3+ 32. Kxe3 Rb6 33.
Rd5 Ke6 34. Ra5 Bb2 35. g4 Rc6 36. gxf5+ gxf5 37. Ra7 Bc1+ 38. Kd3 h6 39. Bd2
Bxd2 40. Kxd2 Rc4 41. Rh7 Rxf4 42. Rxh6+ Ke5 43. Kc3 d5 44. Rh8 Rf3+ 45. Kb4
Kd4 46. h4 Rf1 47. Kb3 f4 48. h5 Kd3 49. Kb2 f3 50. a4 Rf2+ 51. Kb3 Rh2 52. a5
f2 53. Rf8 Rxh5 54. Rxf2 d4 55. Kb4 Re5 56. a6 Re8 57. a7 Ke3 58. Rf1 Ra8 59.
Ra1 d3 60. Kb5 d2 61. Kb6 Rd8 62. Kc7 Ra8 63. Kb7 Rxa7+ 64. Kxa7 Ke2 65. Kb6
d1=Q 66. Rxd1 Kxd1 1/2-1/2

[Event "XVI Festival Conca della Presolana A"]
[Site "Bratto - Castione della Presolana ITA"]
[Date "1996.08.26"]
[Round "5"]
[White "Lovati, Paolo"]
[Black "Salami, Marco"]
[Result "0-1"]
[WhiteElo "1981"]
[BlackElo "2245"]
[PlyCount "86"]
[EventDate "1996.08.22"]

1. Nf3 f5 2. g3 d6 3. Bg2 g6 4. O-O Bg7 5. c4 e5 6. d3 Nc6 7. Nc3 Nf6 8. Rb1
O-O 9. b4 h6 10. b5 Ne7 11. Ne1 g5 12. e3 Ng6 13. Nd5 Nxd5 14. Bxd5+ Kh8 15. f4
g4 16. Bb2 Qe8 17. Bh1 c6 18. bxc6 bxc6 19. Nc2 Bd7 20. Ba3 c5 21. Qd2 Bc6 22.
Bxc6 Qxc6 23. Qg2 e4 24. dxe4 fxe4 25. Qe2 h5 26. h3 Qd7 27. Rfd1 Rac8 28. Rd5
Rf5 29. Rbd1 Ne7 30. Rxd6 Qa4 31. Kg2 gxh3+ 32. Kxh3 Rcf8 33. Rd8 Rxd8 34.
Rxd8+ Kh7 35. g4 hxg4+ 36. Kg3 Rf6 37. Bxc5 Nf5+ 38. Kg2 Qa5 39. Rd5 Qxa2 40.
Rd7 Nh4+ 41. Kg3 Nf5+ 42. Kxg4 Qa6 43. Nd4 Qc8 0-1

[Event "XVI Festival Conca della Presolana A"]
[Site "Bratto - Castione della Presolana ITA"]
[Date "1996.08.26"]
[Round "5"]
[White "Menoni, Vincenzo"]
[Black "Bossi, Alessandro"]
[Result "1-0"]
[WhiteElo "2245"]
[BlackElo "2009"]
[PlyCount "83"]
[EventDate "1996.08.22"]

1. e4 c6 2. d4 d5 3. e5 g6 4. Nc3 Bg7 5. Bd3 Nh6 6. Nge2 f6 7. h4 fxe5 8. dxe5
Ng4 9. f4 Qb6 10. Nd4 O-O 11. Be2 Bxe5 12. Bxg4 Bxd4 13. Bxc8 Rxc8 14. Qg4 Na6
15. h5 Bg1 16. Qe6+ Kf8 17. hxg6 Qf2+ 18. Kd1 Qf1+ 19. Qe1 Qxe1+ 20. Kxe1 Bd4
21. Rxh7 Rc7 22. Ne2 Bf6 23. Rf7+ Kg8 24. f5 Rf8 25. Rxf8+ Kxf8 26. Nf4 Rc8 27.
Ne6+ Kg8 28. Ke2 Nc7 29. Nf4 Ne8 30. g4 Nd6 31. Nh5 Ne4 32. Nxf6+ exf6 33. Be3
b6 34. Kf3 Re8 35. Rh1 Re7 36. c3 Rd7 37. c4 Re7 38. cxd5 cxd5 39. Rc1 Rd7 40.
Bh6 Nd6 41. Rc6 d4 42. Bf4 1-0

[Event "XVI Festival Conca della Presolana A"]
[Site "Bratto - Castione della Presolana ITA"]
[Date "1996.08.26"]
[Round "5"]
[White "Ortega, Lexy"]
[Black "Profumo, Alberto"]
[Result "1-0"]
[WhiteElo "2495"]
[BlackElo "2163"]
[PlyCount "98"]
[EventDate "1996.08.22"]

1. d4 Nf6 2. c4 g6 3. Nc3 Bg7 4. e4 d6 5. Bd3 O-O 6. Nge2 e5 7. d5 Na6 8. O-O
Nc5 9. Bc2 a5 10. a3 Ne8 11. Rb1 f5 12. exf5 gxf5 13. f4 e4 14. Be3 Nd7 15. Qd2
Ndf6 16. h3 c5 17. dxc6 bxc6 18. Rfd1 Be6 19. c5 Nd5 20. Nxd5 Bxd5 21. Nc3 Bxc3
22. bxc3 Rf7 23. cxd6 Nxd6 24. Bb3 Bxb3 25. Rxb3 Nb7 26. Qe2 Qf6 27. Qc4 Nd8
28. Rb2 Rc8 29. Rbd2 Ne6 30. Rd6 Re8 31. Rxc6 Qg6 32. Rdd6 Rg7 33. Qa2 Qg3 34.
Qf2 Qxf2+ 35. Kxf2 Nf8 36. a4 Rb7 37. Rb6 Reb8 38. c4 Nd7 39. Rb5 Rxb5 40. axb5
Nf8 41. Ra6 Rc8 42. c5 Kf7 43. b6 Nd7 44. b7 Rc7 45. Rb6 Nb8 46. Bd4 Ke7 47.
Be5 Kd7 48. Bxc7 Kxc7 49. g4 a4 1-0

[Event "XVI Festival Conca della Presolana A"]
[Site "Bratto - Castione della Presolana ITA"]
[Date "1996.08.26"]
[Round "5"]
[White "Pagnoncelli, Marco"]
[Black "Castaldo, Folco"]
[Result "0-1"]
[WhiteElo "2105"]
[BlackElo "1987"]
[PlyCount "162"]
[EventDate "1996.08.22"]

1. e4 g6 2. d4 Bg7 3. Nc3 c6 4. f3 d5 5. Be3 dxe4 6. fxe4 Nf6 7. Qd2 Ng4 8.
O-O-O Nxe3 9. Qxe3 Nd7 10. e5 Nb6 11. d5 Nxd5 12. Nxd5 cxd5 13. Bb5+ Kf8 14.
Nf3 h5 15. Kb1 Bf5 16. Rhf1 Bh6 17. Qe2 e6 18. Nd4 Qg5 19. Nxf5 gxf5 20. Rf3
Bg7 21. Rdf1 h4 22. g3 h3 23. Rf4 Rc8 24. Bd3 Rc7 25. Re1 Qe7 26. Qf1 Qc5 27.
g4 Rh6 28. gxf5 Ke8 29. f6 Bf8 30. Rf3 Rh4 31. Bb5+ Kd8 32. Rc3 Qb6 33. Rb3 Qc5
34. Bd3 a6 35. Qf3 Qd4 36. Qg3 Qg4 37. Qxg4 Rxg4 38. Bf1 Rg1 39. Rxh3 Rc4 40.
Rhe3 Rf4 41. Bd3 Rxe1+ 42. Rxe1 Rh4 43. Re2 Rh5 44. c4 dxc4 45. Bxc4 Bh6 46.
Rg2 Rg5 47. Rd2+ Kc7 48. Re2 Rh5 49. Bd3 Bf4 50. Rg2 Rg5 51. Rxg5 Bxg5 52. Bh7
Kd7 53. Be4 b6 54. Bd3 a5 55. Bb5+ Kd8 56. b3 Bf4 57. h4 Bxe5 58. h5 Bxf6 59.
Kc2 Be5 60. Kd3 f5 61. Kc4 Kc7 62. Be8 Bf4 63. b4 axb4 64. Kxb4 Kd6 65. Bg6 Ke5
66. Kb5 Be3 67. Kc6 Kf6 68. a4 e5 69. Be8 e4 70. Bd7 Kg5 71. h6 Bd4 72. Kd5 Bc3
73. h7 e3 74. Bb5 Kf4 75. Be2 Kg3 76. Kc4 Bh8 77. Kd3 Kf2 78. Bh5 f4 79. Ke4 e2
80. Bxe2 Kxe2 81. Kxf4 Kd3 0-1

[Event "XVI Festival Conca della Presolana A"]
[Site "Bratto - Castione della Presolana ITA"]
[Date "1996.08.26"]
[Round "5"]
[White "Pantaleoni, Claudio"]
[Black "Drazic, Sinisa"]
[Result "0-1"]
[WhiteElo "2235"]
[BlackElo "2475"]
[PlyCount "66"]
[EventDate "1996.08.22"]

1. d4 e6 2. e4 c5 3. d5 exd5 4. exd5 d6 5. Nc3 Be7 6. Nf3 Nf6 7. Be2 O-O 8. O-O
Re8 9. h3 Nbd7 10. Bf4 Nf8 11. Re1 a6 12. a4 Ng6 13. Bh2 Bd7 14. a5 Bf8 15. Nd2
Qc7 16. Nc4 Nh4 17. Qd2 Nf5 18. Bd3 Nd4 19. Qf4 Bb5 20. Nxd6 Rxe1+ 21. Rxe1
Bxd3 22. cxd3 Nc2 23. Rc1 Nb4 24. Rd1 Rd8 25. Nde4 Qxf4 26. Bxf4 Nfxd5 27. Ne2
h6 28. Bg3 f5 29. Nc1 Be7 30. Nc3 Bf6 31. Nxd5 Rxd5 32. Nb3 c4 33. Rc1 cxb3 0-1

[Event "XVI Festival Conca della Presolana A"]
[Site "Bratto - Castione della Presolana ITA"]
[Date "1996.08.26"]
[Round "5"]
[White "Pegoraro, Nicola"]
[Black "Ansner, Bjorn"]
[Result "1-0"]
[WhiteElo "2034"]
[BlackElo "2110"]
[PlyCount "107"]
[EventDate "1996.08.22"]

1. e4 c5 2. Nf3 Nc6 3. Bb5 e6 4. O-O Nge7 5. d4 cxd4 6. Nxd4 a6 7. Be2 Ng6 8.
Nc3 Qc7 9. Be3 Be7 10. Kh1 O-O 11. f4 b5 12. Nxc6 dxc6 13. Bd3 c5 14. Qh5 c4
15. Be2 Bb7 16. Rf3 b4 17. Rh3 Nh4 18. Na4 Qc6 19. Nc5 Bxc5 20. Rxh4 Rfc8 21.
Qxh7+ Kf8 22. Bxc5+ Qxc5 23. Bf3 f6 24. Qh8+ Kf7 25. Bh5+ Ke7 26. Qxg7+ Kd6 27.
Rd1+ Kc6 28. Qd7+ Kb6 29. Qd6+ Bc6 30. Qxc5+ Kxc5 31. Bf3 Rd8 32. Rc1 Rd2 33.
Rh6 f5 34. Rxe6 fxe4 35. Rxc6+ Kb5 36. Bxe4 Re8 37. Bf3 Rxc2 38. Rd1 Rxb2 39.
Rc1 c3 40. h3 Rxa2 41. f5 Re3 42. Rc7 Rxf3 43. gxf3 Rf2 44. Kg1 Rxf3 45. Rf1
Rxh3 46. f6 Rh8 47. Rb7+ Ka4 48. Re1 Kb3 49. Rb1+ Ka3 50. R1xb4 Rc8 51. Rb1 Ka2
52. f7 c2 53. R1b2+ Ka1 54. Rxc2 1-0

[Event "XVI Festival Conca della Presolana A"]
[Site "Bratto - Castione della Presolana ITA"]
[Date "1996.08.26"]
[Round "5"]
[White "Piva, Giorgio"]
[Black "Mantovani, Renzo"]
[Result "0-1"]
[WhiteElo "2170"]
[BlackElo "2360"]
[PlyCount "104"]
[EventDate "1996.08.22"]

1. d4 Nf6 2. c4 c5 3. e3 g6 4. Nc3 Bg7 5. dxc5 Na6 6. Nf3 Nxc5 7. Be2 O-O 8.
O-O d6 9. Nd4 a6 10. b4 Ne6 11. Bb2 Bd7 12. a3 Rc8 13. Rc1 h5 14. Nf3 Bc6 15.
Qb3 Qb6 16. Na4 Qc7 17. Rfd1 b6 18. Nc3 Qb7 19. Ne1 b5 20. Nd5 bxc4 21. Nxf6+
Bxf6 22. Bxc4 Nc5 23. Qc2 Bxb2 24. Qxb2 Nd7 25. Ba2 Ne5 26. h3 a5 27. f4 Nd7
28. Qd4 axb4 29. axb4 Nf6 30. Bc4 Rb8 31. Rb1 Rfc8 32. Be2 Be4 33. Rb2 d5 34.
Nf3 Ne8 35. Ng5 Nd6 36. Nxe4 dxe4 37. Rdb1 Nf5 38. Qd2 Rd8 39. Qc1 Qb6 40. Rb3
Rbc8 41. Rc3 Rxc3 42. Qxc3 Nxe3 43. Qc5 Nd5 44. Qxb6 Nxb6 45. Kf2 h4 46. b5 Rd2
47. Ke3 Ra2 48. Bf1 Ra4 49. Rd1 f5 50. Rd4 Ra3+ 51. Kf2 Kf7 52. Bc4+ e6 0-1

[Event "XVI Festival Conca della Presolana A"]
[Site "Bratto - Castione della Presolana ITA"]
[Date "1996.08.26"]
[Round "5"]
[White "Rizzuti, Pasquale"]
[Black "Caruso, Daniele"]
[Result "0-1"]
[WhiteElo "1774"]
[BlackElo "2155"]
[PlyCount "140"]
[EventDate "1996.08.22"]

1. e4 e6 2. d4 d5 3. Nc3 Nf6 4. Bg5 Be7 5. e5 Nfd7 6. Bxe7 Qxe7 7. Bd3 a6 8. f4
c5 9. Nf3 Nc6 10. O-O cxd4 11. Ne2 Nc5 12. Nexd4 Nxd3 13. Qxd3 Bd7 14. c3 O-O
15. b4 f6 16. Nxc6 Bxc6 17. a4 f5 18. Nd4 Rfc8 19. Ra2 Be8 20. Qh3 Rc4 21. g4
g6 22. gxf5 gxf5 23. Rg2+ Kh8 24. Kh1 Bf7 25. Rfg1 Rg8 26. Qh6 Rxg2 27. Rxg2
Bg8 28. Rg3 a5 29. bxa5 Rxa4 30. Nb5 Rxa5 31. Nd6 Ra8 32. Nxb7 d4 33. Nd6 dxc3
34. Rxc3 Qg7 35. Qxg7+ Kxg7 36. Rc7+ Kg6 37. Kg2 h6 38. Kg3 Ra3+ 39. Kh4 Ra4
40. Rc4 Ra8 41. Rc3 Ra4 42. Kg3 Ra7 43. Ne8 Bf7 44. Nf6 Ra8 45. h4 h5 46. Kf3
Rd8 47. Ke3 Rd1 48. Rc7 Rh1 49. Nxh5 Rh3+ 50. Kd4 Rxh4 51. Nf6 Rxf4+ 52. Ke3
Rb4 53. Kf3 Ra4 54. Rb7 Ra8 55. Kf4 Rc8 56. Ra7 Be8 57. Kg3 Bb5 58. Re7 Bc4 59.
Kf4 Bb3 60. Kg3 Rc3+ 61. Kh4 Rc4+ 62. Kg3 f4+ 63. Kf2 Kf5 64. Nd7 Ke4 65. Nf8
Rc2+ 66. Kg1 Kxe5 67. Ng6+ Kf6 68. Rb7 Kxg6 69. Rxb3 e5 70. Kf1 Kf5 0-1

[Event "XVI Festival Conca della Presolana A"]
[Site "Bratto - Castione della Presolana ITA"]
[Date "1996.08.26"]
[Round "5"]
[White "Vita, Fabrizio"]
[Black "Lagrotteria, Salvatore"]
[Result "1/2-1/2"]
[WhiteElo "2013"]
[BlackElo "2165"]
[PlyCount "214"]
[EventDate "1996.08.22"]

1. c4 c6 2. Nf3 Nf6 3. g3 d5 4. Bg2 e6 5. O-O Bd6 6. d4 Nbd7 7. b3 O-O 8. Bb2
b6 9. Nc3 Bb7 10. cxd5 exd5 11. Rc1 Re8 12. e3 h6 13. Qe2 Ne4 14. Nd2 c5 15.
Na4 cxd4 16. Bxd4 Be5 17. Nf3 Bxd4 18. Nxd4 Rc8 19. Rxc8 Qxc8 20. Qb2 Ne5 21.
Rc1 Qd7 22. Qe2 Rc8 23. Rxc8+ Qxc8 24. Qc2 Qd7 25. Nc3 Ba6 26. Nxe4 Bd3 27.
Nf6+ gxf6 28. Qc3 Be4 29. f3 Bg6 30. Bf1 h5 31. Ba6 Bf5 32. Kf2 Bb1 33. a3 Kh7
34. Kg2 Qe7 35. b4 Kg7 36. Be2 Nc4 37. Kf2 h4 38. Bxc4 hxg3+ 39. hxg3 dxc4 40.
Qxc4 Qd7 41. e4 Kg6 42. Ke3 Qh3 43. Ne2 Kg7 44. Qb3 Qh6+ 45. Kf2 Qh1 46. Qc4
Qd1 47. Qc1 Qb3 48. Qe3 Qe6 49. Nd4 Qh3 50. Qb3 Qh2+ 51. Kf1 Ba2 52. Qc3 b5 53.
Nxb5 Qxg3 54. Nd4 Qh2 55. Ke1 Bb1 56. Qe3 Qh1+ 57. Kd2 Ba2 58. Ne2 Kf8 59. Qc5+
Ke8 60. Qc8+ Ke7 61. Qc5+ Ke8 62. Qc8+ Ke7 63. Qc7+ Kf8 64. Qb8+ Kg7 65. Qxa7
Qxf3 66. Qe3 Qh5 67. a4 Kh7 68. Qf4 Kg7 69. Nd4 Be6 70. Nf5+ Bxf5 71. exf5 Qh3
72. b5 Qb3 73. Qe4 Qb2+ 74. Qc2 Qd4+ 75. Kc1 Qa1+ 76. Kd2 Qd4+ 77. Ke1 Qe3+ 78.
Kf1 Qf4+ 79. Kg1 Qd4+ 80. Kg2 Kh6 81. Kf3 Kg5 82. Qe4 Qd1+ 83. Kg3 Qg1+ 84. Qg2
Qd4 85. Qf3 Qh4+ 86. Kg2 Qxa4 87. b6 Qc2+ 88. Kg3 Qc4 89. b7 Qc7+ 90. Kh3 Kh6
91. Kg4 Kg7 92. Kh3 Kf8 93. Qb3 Qb8 94. Qb5 Ke7 95. Qb3 Ke8 96. Kg4 Ke7 97. Qb6
Qg8+ 98. Kf3 Qb8 99. Kg4 Qg8+ 100. Kf3 Qb8 101. Ke2 Qh2+ 102. Kd3 Qb8 103. Kc4
Qf4+ 104. Kb5 Qf1+ 105. Ka5 Qa1+ 106. Kb5 Qf1+ 107. Kc6 Qg2+ 1/2-1/2

[Event "XVI Festival Conca della Presolana A"]
[Site "Bratto - Castione della Presolana ITA"]
[Date "1996.08.27"]
[Round "6"]
[White "Ansner, Bjorn"]
[Black "Bossi, Alessandro"]
[Result "1/2-1/2"]
[WhiteElo "2110"]
[BlackElo "2009"]
[PlyCount "105"]
[EventDate "1996.08.22"]

1. d4 Nf6 2. c4 e6 3. Nc3 Bb4 4. Qc2 Nc6 5. Nf3 O-O 6. Bg5 d6 7. e3 Re8 8. Be2
e5 9. d5 Nb8 10. Nd2 Bxc3 11. Qxc3 h6 12. Bxf6 Qxf6 13. O-O Qg6 14. e4 Nd7 15.
b4 Nf6 16. Qe3 Bg4 17. Bxg4 Qxg4 18. c5 Re7 19. Rfc1 Nh5 20. Qf3 Qg6 21. Nf1 f5
22. Ng3 Nxg3 23. Qxg3 Qxg3 24. hxg3 fxe4 25. cxd6 cxd6 26. Re1 Rc7 27. Rxe4
Rac8 28. f4 Rc1+ 29. Rxc1 Rxc1+ 30. Kh2 exf4 31. gxf4 Rd1 32. Re7 b5 33. Rxa7
Rxd5 34. Ra5 Rd2 35. Rxb5 Rxa2 36. Rb7 Rb2 37. Kg3 d5 38. Kf3 d4 39. Ke4 d3 40.
Kxd3 Rxg2 41. b5 Rb2 42. Ke4 h5 43. Kf5 h4 44. Kg4 Rb4 45. b6 h3 46. Rb8+ Kh7
47. Kxh3 Rxf4 48. Kg3 Rb4 49. b7 g5 50. Kf3 g4+ 51. Kg3 Kg7 52. Kh4 Kh7 53. Kg3
1/2-1/2

[Event "XVI Festival Conca della Presolana A"]
[Site "Bratto - Castione della Presolana ITA"]
[Date "1996.08.27"]
[Round "6"]
[White "Caruso, Daniele"]
[Black "Griffa, Roberto"]
[Result "1-0"]
[WhiteElo "2155"]
[BlackElo "1917"]
[PlyCount "79"]
[EventDate "1996.08.22"]

1. e4 c6 2. d4 d5 3. exd5 cxd5 4. Bd3 Nc6 5. c3 Nf6 6. Bf4 Bg4 7. Qb3 Na5 8.
Qa4+ Bd7 9. Qc2 e6 10. Nd2 Rc8 11. Ngf3 Qb6 12. O-O Bb5 13. Bxb5+ Qxb5 14. Rae1
Be7 15. Bg5 Nc4 16. Nxc4 Qxc4 17. Qb1 O-O 18. Ne5 Qc7 19. Bxf6 Bxf6 20. f4 g6
21. g4 Bg7 22. Re3 Rfe8 23. Qe1 Qd6 24. g5 Rc7 25. Qh4 Bxe5 26. fxe5 Qf8 27.
Rh3 Qg7 28. Rf4 Rec8 29. a4 Rc4 30. Qf2 Rxa4 31. Rh6 Rc7 32. Rfh4 Rac4 33. Rh3
b5 34. Qh4 f5 35. exf6 Qf7 36. Qf4 R4c6 37. Rxh7 Qxh7 38. Rxh7 Kxh7 39. f7 Kg7
40. f8=Q+ 1-0